000 00676nam a22002417a 4500
003 UA-OsUOA
001 35996
007 ta
008 20060111b un ||||| |||| 00| 0 ukr d
090 _a311.313(477)
_bС78
942 _cBK
040 _aUA-OsUOA
_bukr
_cUA-OsUOA
_dUA-OsUOA
245 _aСтатистичний збірник "Регіони України" 2004
_cОсауленка О. Г.
300 _a511 с.
955 _a2
041 _aukr
080 _a311.313(477)
020 _a966-7773-79-5
260 _aК.
_c2004
246 3 1 _a1
_n
650 7 _a311 Статистика як наука. Теорія статистики
_2UDC
999 _c322303
_d322303